000 00505nam a2200169 i 4500
001 63572
003 ES-MaACL
005 20230906164919.0
007 t|
008 031211s1966 sp ||||1| spa d
100 1 _aFerriere, André.
_950577
245 1 3 _aEl espíritu y la carne /
_cAndré Ferriere ; [versión, José Mas Godayol].
260 _aBarcelona :
_bNova Terra,
_c[1966]
300 _a234 p. :
_bil. ;
_c15 cm.
700 1 _aMas Godayol, José.
_978634
852 _aES-MaACL
_jC-30673
_bR.60964
999 _c63572
_d63572